[Event "ROM-ch"]
[Site "Calimanesti Caciulata"]
[Date "2017.03.26"]
[Round "2"]
[White "Calinoiu, Constantin"]
[Black "David, Alexandru Vasile"]
[Result "0-1"]
[WhiteElo "1653"]
[BlackElo "2379"]
[PlyCount "44"]
[EventDate "2017.03.25"]
[EventType "swiss"]
[EventRounds "9"]
[EventCountry "ROU"]
[SourceTitle "CBM 177 Extra"]
[Source "ChessBase"]
[SourceDate "2017.04.27"]
[SourceVersion "1"]
[SourceVersionDate "2017.04.27"]
[SourceQuality "1"]

1. d4 Nf6 2. Nf3 g6 3. c4 Bg7 4. Nc3 d5 5. e3 0-0 6. Be2 c5 7. dxc5 Qa5 8. 0-0 dxc4 9. Bxc4 Qxc5 10. Be2 Nc6 11. a3 Bf5 12. Qa4 a6 13. e4 b5 14. Qc2 Bxe4 15. Bd3 Bxf3 16. gxf3 Nd4 17. Qd1 Qh5 18. Kg2 Rad8 19. Be3 Nf5 20. Qe2 Rxd3 21. Qxd3 Nh4+ 22. Kg3 Qxf3+ 0-1